| 000 | 00652nam a2200241Ia 4500 | ||
|---|---|---|---|
| 003 | OSt | ||
| 005 | 20220926021943.0 | ||
| 006 | a|||||r|||| 00| 0 | ||
| 007 | ta | ||
| 008 | 220923b |||||||| |||| 00| 0 eng d | ||
| 037 | _cGeneral Book | ||
| 040 |
_aRTL _cRTL _beng |
||
| 041 |
_2eng _aeng |
||
| 082 | _aV1N45,93:3:(X:8).N80r, M0-1/UN | ||
| 110 | _aUNITED NATIONS | ||
| 245 | 0 | _aFinancial report. | |
| 260 |
_aNew York _bUnited Nations _c1980 |
||
| 300 |
_axii,248p. _ccm. |
||
| 490 | _vVol.1 | ||
| 700 | _aUNITED NATIONS | ||
| 942 |
_hV1N45,93:3:(X:8).N80r, M0-1/UN _cGB _2CC |
||
| 999 |
_c638141 _d638141 |
||